| 000 | 00391nam a2200169Ia 4500 | ||
|---|---|---|---|
| 008 | 230725s2000 xx 000 0 und d | ||
| 041 | _aeng | ||
| 082 |
_a615.19 _bFAC |
||
| 100 | _aFACKHAM MARGERY | ||
| 245 | _aHEALING DRUGS | ||
| 260 |
_bUNIVERSITIES PRESS _c2000 |
||
| 300 | _a120 | ||
| 365 | _h20% | ||
| 500 | _aTEXT BOOK | ||
| 501 | _aNDDS | ||
| 650 | _aNOVEL DRUG DELIVERY SYSTEM | ||
| 999 |
_c774748 _d774748 |
||